00777cam a2200193 a 4500003000500000005001700005008004100022010001000063011001000073035001000083040000900093100003200102245021000134260004100344300002200385500010900407650004000516650002700556CHAP20220817043801.0010725d2001 mx 00 spa d a84327 a85299 a95832 cCHAP00aGómez Calderón, Sergio.00aAnálisis de la información nematológica de las tesis existentes en el Departamento de Parasitología Agrícola de la Universidad Autónoma Chapingo, de 1980 a 2000.c/por Sergio Gómez Calderón aChapingo, Méx. :bEl autor,c2001. a65 h. :bgráfs. aTesis (Ing. Agr. Esp. en Parasitología Agrícola) -- UACH. Departamento de Parasitología Agrícola14aNemátodos parásitos de plantas.14aTesisxBibliografía.